Normal view
MARC view
Entry Personal Name
001 - CONTROL NUMBER
- control field: 1237224
003 - CONTROL NUMBER IDENTIFIER
- control field: OSt
005 - DATE AND TIME OF LATEST TRANSACTION
- control field: 20260430150340.0
008 - FIXED-LENGTH DATA ELEMENTS
- fixed length control field: 260430|| aca||aabn | a|a d
040 ## - CATALOGING SOURCE
- Original cataloging agency: OSt
- Transcribing agency: OSt
100 ## - HEADING--PERSONAL NAME
- Personal name: Pandey Priyanka Au.; Kaur Harsupreet Gu
670 ## - SOURCE DATA FOUND
- Source citation: Work cat.: (OSt)1849574: Pandey Priyanka Au.; Kaur Harsupreet Gu., Modeling, Simulation of Insulator and Channel Engineered Polarity Controllable FETs for Sensing Applications, 2023
